000 00950cam a22001934a 4500
005 20250605164041.0
008 250528s ||||||||||||||||||||||||d
035 _a16986
020 _a813316618
040 _aGR-AtMCL
_bgre
_dGR-AtMCL
_eAACR2
245 1 _aRace and Ethnic Conflict / Contending Views on Prejudice, Discrimination, and Ethnoviolence
260 _bPincus Fred L
_bWestview Press,
_c1994
300 _a408
520 _aThis anthology raises some of the most troubling contemporary issues in race relations in the United States today, including affirmative action, violence against people of color, and campus conflicts. Acknowledgements, Introduction, Prejudice, Discrimination, Immigration and Group Conflict, Ethnic Business, Education, Policy and Politics, Los Angeles 1992: Lessons for the Future?, About the Book and Editors.
700 1 _aEhrlicj Howard J
_93108
942 _cBK
999 _c2428
_d2428